Statistiques concernant Paroles Nekfeu-Egérie

Cliquez ici pour prendre le quiz!

Statistiques générales

  • Ce quiz a été pris 1 707 fois
  • Le résultat moyen est 389 sur 499

Statistiques - réponses

Réponse% Correct
ce
99%
de
99%
je
99%
Je
99%
à
98%
a
98%
me
98%
le
97%
Le
97%
ma
97%
m'a
97%
ne
97%
pas
97%
suis
97%
tu
97%
Tu
97%
égérie
96%
on
96%
On
96%
un
96%
Un
96%
dit
95%
que
95%
veux
95%
Les
94%
les
94%
rêvé
94%
celui
93%
Elle
93%
elle
93%
j'ai
93%
J'ai
93%
La
93%
L.A
93%
la
93%
rap
93%
Une
93%
une
93%
connais
92%
d'être
92%
devenu
92%
et
92%
luxe
92%
marque
92%
moi
92%
Moi
92%
non
92%
veut
92%
dont
91%
mon
91%
leur
90%
rêvais
90%
Même
89%
même
89%
réveiller
89%
au
88%
d'en
88%
vie
88%
comme
87%
coup
87%
plus
87%
si
87%
tapé
87%
avait
86%
lui
86%
Mais
86%
mais
86%
C'est
85%
c'est
85%
dans
85%
Portman
85%
qui
85%
se
85%
visage
85%
bien
84%
c'était
84%
m'aimes
84%
mes
84%
mordu
84%
cheesecake
83%
couple
83%
l'oreiller
83%
monde
83%
Nathalie
83%
portables
83%
rappelle
83%
rayon
83%
soi
83%
Toujours
83%
toujours
83%
ai
82%
J'en
82%
lendemain
82%
soir
82%
ton
82%
hôtel
81%
éteint
80%
mains
80%
merci
80%
propre
80%
sur
80%
viens
80%
dès
79%
des
79%
disquettes
79%
donné
79%
parle
79%
tenu
79%
toi
79%
raconte
78%
votre
78%
ap
77%
Bébé
77%
che-ri
77%
couper
77%
champ'
76%
dégoûte
76%
sous
76%
monté
75%
nous
75%
seul
75%
vers
75%
nouvelles
74%
pété
74%
rappeler
74%
répertoire
73%
champagne
72%
peut-être
72%
réverbères
72%
n'es
71%
retournerais
71%
surface
71%
seule
70%
tranquille
70%
bulle
69%
ça
69%
En
69%
en
69%
milieu
69%
perle
69%
pis
68%
répète
68%
rose
68%
rosé
68%
tant
68%
Champs
67%
Soirée
67%
temps
67%
arrosée
66%
Cette
66%
fini
66%
dépassement
65%
J'suis
65%
j'suis
65%
mêmes
65%
n'ai
65%
nuit
65%
passe
65%
rappelez
65%
surplace
65%
ville
65%
déplacement
64%
sera
64%
vraie
64%
bas
63%
compte
63%
crever
63%
est
62%
c'qui
60%
naturels
60%
Venue
60%
aurait
59%
donnez
59%
dur
58%
repères
58%
oseille
55%
son
55%
champions
54%
n'était
54%
aussi
53%
couture
53%
mène
53%
haute
52%
m'émeus
52%
moyen
52%
saumon
52%
mini
51%
sens
51%
cons'
50%
jeune
50%
proche
50%
Vu
50%
vu
50%
Cinq
49%
autre
48%
j'me
48%
coupures
47%
Family
47%
Maintenant
47%
pour
47%
Tout
47%
construit
46%
failles
46%
faire
46%
mal
46%
veines
46%
coeur
45%
grosses
45%
saper
45%
avant
44%
dois
44%
Houston
44%
mauvais
44%
n'avais
44%
tailler
44%
high
43%
moyens
43%
aide
41%
devienne
41%
jeunes
41%
Menteur
41%
profiter
41%
stud'
41%
Woodstock
41%
besoin
40%
bonheur
40%
certains
40%
fais
40%
ils
40%
parles
40%
Mac
39%
n'as
39%
rejette
39%
salaire
39%
t'emmènes
39%
effet
38%
faible
38%
gentleman
38%
mère
38%
monnaie
38%
rayons
38%
T'es
38%
Austin
37%
aux
37%
gamin
37%
gens
37%
m'applique
37%
pars
37%
quand
37%
d'amitié
36%
dirait
36%
laisse
36%
merde
36%
Nekfeu
36%
parfois
36%
j'reste
35%
loyer
35%
scène
35%
Cain
34%
dangereux
34%
mangas
34%
Prudence
34%
sûreté
34%
t'abuses
34%
d'la
33%
jet-lag
33%
payer
33%
tirer
33%
debout
32%
détailler
31%
Irradié
31%
lis
31%
noyer
31%
tellement
31%
aiment
30%
came
30%
permets
29%
gammas
28%
faits
23%

Distribution des résultats

Percentile par nombre de réponses

% des personnes avec chaque résultat

Votre développement - résultats

Vous n’avez pas pris ce quiz